| 000 | 00359nam a2200145Ia 4500 | ||
|---|---|---|---|
| 008 | 150201s1958 xx 000 0 und d | ||
| 082 |
_a600 _bE1958D |
||
| 100 | _aDARWIN | ||
| 245 | _aEVOLUATION BY NATURAL SELUTION | ||
| 250 | _a1ST | ||
| 260 |
_bCANBRIDE UNIVERSITY PRESS _aDELHI _c1958 |
||
| 300 | _a1-288 | ||
| 650 | _aGENERAL DENTISTRY | ||
| 942 |
_2ddc _cBK |
||
| 999 |
_c3270 _d3270 |
||